Statistiques concernant Nationalité des arbitres en finale de Coupe du monde de football

Cliquez ici pour prendre le quiz!

Statistiques générales

  • Ce quiz a été pris 166 fois
  • Le résultat moyen est 16 sur 20

Statistiques - réponses

AnnéeFinaleNationalité de l'arbitre% Correct
1938Italie - Hongrie (4-2)France (Georges Capdeville)
100%
1958Brésil - Suède (5-2)France (Maurice Guigue)
100%
2014Allemagne - Argentine (1-0)Italie (Nicola Rizzoli)
96%
2002Allemagne - Brésil (0-2)Italie (Pierluigi Collina)
96%
1978Argentine - Pays-Bas (3-1)Italie (Sergio Gonella)
96%
1982Italie - Allemagne (3-1)Brésil (Arnaldo Cézar Coelho)
93%
1986Argentine - Allemagne (3-2)Brésil (Romualdo Arppi Filho)
93%
2006Italie* - France (1-1)Argentine (Horacio Elizondo)
92%
1970Brésil - Italie (4-1)Allemagne (Rudi Glöckner)
90%
1950Brésil - Uruguay (1-2)Angleterre (George Reader)
89%
2010Pays-Bas - Espagne (0-1)Angleterre (Howard Webb)
89%
1974Allemagne - Pays-Bas (2-1)Angleterre (Jack Taylor)
89%
1954Allemagne - Hongrie (3-2)Angleterre (William Ling)
89%
1962Brésil - Tchécoslovaquie (3-1)Russie (Nikolaï Latychev)
82%
1934Italie - Tchécoslovaquie (2-1)Suède (Ivan Eklind)
71%
1966Angleterre - Allemagne (4-2)Suisse (Gottfried Dienst)
64%
1930Uruguay - Argentine (4-2)Belgique (John Langenus)
61%
1990Allemagne - Argentine (1-0)Mexique (Edgardo Codesal Méndez)
59%
1994Brésil* - Italie (0-0)Hongrie (Sándor Puhl)
52%
1998Brésil - France (0-3)Maroc (Saïd Belqola)
38%

Distribution des résultats

Percentile par nombre de réponses

% des personnes avec chaque résultat

Votre développement - résultats

Vous n’avez pas pris ce quiz